[Event "40th Olympiad Open"]
[Site "Istanbul TUR"]
[Date "2012.08.29"]
[Round "2.63"]
[Board "2"]
[White "Jang, Kyungsik"]
[Black "Perera, W C C"]
[Result "0-1"]
[WhiteElo "1861"]
[BlackElo "2110"]
[WhiteTeam "South Korea"]
[BlackTeam "Sri Lanka"]
[WhiteFideId "13201166"]
[BlackFideId "9902600"]
[EventDate "2012.08.28"]

1. c4 Nf6 2. Nc3 g6 3. e4 d6 4. g3 Bg7 5. Bg2 O-O 6. Nge2 e5 7. O-O c6 8. d3 Na6
9. a3 Be6 10. b4 Nc7 11. Qc2 d5 12. Na4 Nd7 13. Be3 f5 14. cxd5 cxd5 15. Rac1
Rc8 16. Nc5 Nxc5 17. Bxc5 Rf7 18. Bxa7 fxe4 19. Bb6 exd3 20. Qxd3 Qd6 21. Bc5
Qd7 22. f3 Ra8 23. Bb6 Nb5 24. Rc5 Nxa3 25. Ba5 Nc4 26. Rc7 Qe8 27. Rxf7 Qxf7
28. Nc3 b6 29. f4 e4 30. Nxe4 dxe4 31. Bxe4 Rf8 32. g4 bxa5 33. f5 Qa7+ 34. Kh1
Ne5 0-1

[Event "40th Olympiad Open"]
[Site "Istanbul TUR"]
[Date "2012.08.29"]
[Round "2.63"]
[Board "3"]
[White "Anuruddha, G C"]
[Black "Bae, Junggi"]
[Result "1-0"]
[WhiteElo "2137"]
[BlackElo "1730"]
[WhiteTeam "Sri Lanka"]
[BlackTeam "South Korea"]
[WhiteFideId "9900438"]
[BlackFideId "13201298"]
[EventDate "2012.08.28"]

1. d4 Nf6 2. c4 e6 3. Nf3 d5 4. e3 Nc6 5. Bd3 Be7 6. O-O O-O 7. Nbd2 Bd7 8. b3
Nb4 9. Bb1 c5 10. Bb2 cxd4 11. exd4 Rc8 12. a3 Nc6 13. c5 b6 14. b4 bxc5 15.
dxc5 Rb8 16. Re1 g6 17. Bd3 Nh5 18. Rb1 Nxb4 19. axb4 Rxb4 20. Bd4 Ba4 21. Bc2
Qa5 22. Rxb4 Bxc2 23. Qxc2 Qxb4 24. Rb1 Qa5 25. Nb3 Qc7 26. Be5 Qc6 27. Nfd4 Qa8
28. Na5 Rc8 29. Ndc6 Bf8 30. g4 Ng7 31. Bd6 Rxc6 32. Nxc6 Qxc6 33. Rb8 Ne8 34.
Bxf8 Kxf8 35. Qb2 Ke7 36. Qb7+ Qxb7 37. Rxb7+ Kf6 38. c6 Nd6 39. Rd7 Nc8 40. c7
a5 41. Rd8 Ke7 42. Rxc8 Kd7 43. Rf8 Kxc7 44. Rxf7+ Kc6 45. Re7 a4 46. Rxe6+ Kc5
47. Kf1 Kc4 48. Ke2 Kc3 49. Ra6 Kb3 50. Kd3 a3 51. Rb6+ Ka4 52. Kc3 d4+ 53. Kc4
Ka5 54. Rb8 1-0

[Event "40th Olympiad Open"]
[Site "Istanbul TUR"]
[Date "2012.08.29"]
[Round "2.64"]
[Board "1"]
[White "Gohil, Mehul"]
[Black "Prasad, Calvin"]
[Result "1/2-1/2"]
[BlackTitle "CM"]
[WhiteElo "2072"]
[BlackElo "2002"]
[WhiteTeam "Kenya"]
[BlackTeam "Fiji"]
[WhiteFideId "10800999"]
[BlackFideId "11400072"]
[EventDate "2012.08.28"]

1. d4 Nf6 2. c4 c5 3. Nf3 e6 4. Nc3 Be7 5. e4 O-O 6. Be2 d5 7. e5 Ne4 8. Qb3
cxd4 9. Nxd4 Bc5 10. Be3 Bxd4 11. Bxd4 Nc6 12. Rd1 Nxd4 13. Rxd4 Qg5 14. Nxe4
Qxe5 15. Qe3 dxe4 16. Qxe4 Qa5+ 17. Rd2 f5 18. Qd4 e5 19. Qd6 Rf6 20. Qe7 Re6
21. Qd8+ Qxd8 22. Rxd8+ Kf7 23. O-O Re8 24. Rfd1 Be6 25. Rxa8 Rxa8 26. b4 Ke7
27. Kf1 a5 28. Rb1 axb4 29. Rxb4 Rxa2 30. Rxb7+ Kf6 31. f3 e4 32. fxe4 fxe4 33.
Rb6 Ke5 34. c5 Bd5 35. Ra6 Rxe2 36. Ra7 Bc4 37. Rxg7 Rc2+ 38. Ke1 e3 39. Kd1 e2+ 1/2-1/2

[Event "40th Olympiad Open"]
[Site "Istanbul TUR"]
[Date "2012.08.29"]
[Round "2.64"]
[Board "2"]
[White "Arora, Neel"]
[Black "Gateri, Martin"]
[Result "1/2-1/2"]
[BlackTitle "FM"]
[WhiteElo "1861"]
[BlackElo "2082"]
[WhiteTeam "Fiji"]
[BlackTeam "Kenya"]
[WhiteFideId "11400145"]
[BlackFideId "10800174"]
[EventDate "2012.08.28"]

1. e4 c6 2. d4 d5 3. Nc3 dxe4 4. Nxe4 Bf5 5. Ng3 Bg6 6. Nf3 e6 7. Bd3 Bxd3 8.
Qxd3 Nf6 9. a3 Nbd7 10. Bd2 Be7 11. h3 Qc7 12. O-O h6 13. Rfe1 Rd8 14. Qe2 O-O
15. c4 Rfe8 16. Ne5 Nf8 17. Bc3 c5 18. dxc5 Bxc5 19. Kh1 Bd4 20. Rac1 Bxc3 21.
Rxc3 Rd4 22. Nf3 Rd7 23. Ne5 Rd6 24. b4 Red8 25. Nf3 Ng6 26. Ne4 Nxe4 27. Qxe4
Rd1 28. g3 Rxe1+ 29. Nxe1 Qe5 30. Qxe5 Nxe5 31. Kg2 Rd2 32. c5 Kf8 33. Rc2 Rd1
34. Nf3 Nxf3 35. Kxf3 Rd3+ 36. Ke4 Rxa3 37. Ke5 Ra4 38. c6 bxc6 39. Rxc6 Rxb4
40. Rc8+ Ke7 41. Rc7+ Ke8 42. Rxa7 Rb5+ 43. Ke4 Rd5 44. Rb7 Rd7 45. Rb2 Ke7 46.
Kf3 f5 47. Kg2 Rd3 48. Rb7+ Kf6 49. Rb6 g5 50. Rb8 Rd7 51. Rh8 Kg7 52. Re8 Rd6
53. Re7+ Kg6 54. Re8 Kf7 55. Ra8 e5 56. Rh8 Re6 57. Rh7+ Kg6 58. Rb7 e4 59. Rb3
f4 60. gxf4 gxf4 61. Rb5 e3 62. fxe3 Rxe3 63. h4 Rg3+ 64. Kh2 h5 65. Ra5 Rg4 66.
Kh3 f3 67. Ra3 Rf4 68. Ra1 f2 69. Rf1 Kf5 70. Kg2 Kg4 71. Rxf2 Rb4 72. Kh2 Kxh4
73. Ra2 1/2-1/2

[Event "40th Olympiad Open"]
[Site "Istanbul TUR"]
[Date "2012.08.29"]
[Round "2.64"]
[Board "4"]
[White "Arvind, Goru"]
[Black "Magana, Ben"]
[Result "1/2-1/2"]
[WhiteElo "1678"]
[BlackElo "2032"]
[WhiteTeam "Fiji"]
[BlackTeam "Kenya"]
[WhiteFideId "11400188"]
[BlackFideId "10800166"]
[EventDate "2012.08.28"]

1. e3 e5 2. d3 d5 3. Nd2 Nf6 4. c3 Bc5 5. Ne2 O-O 6. Ng3 Nc6 7. Be2 Re8 8. Qc2
Ng4 9. Bxg4 Bxg4 10. O-O h5 11. Nb3 Bd6 12. f3 h4 13. Ne2 Bh5 14. e4 dxe4 15.
dxe4 Qf6 16. h3 Re6 17. Be3 Qe7 18. Kh1 Rf8 19. Rad1 Bg6 20. Qc1 f5 21. Bg5 Qe8
22. exf5 Bxf5 23. Bxh4 Bxh3 24. gxh3 Rh6 25. Bg3 Rxh3+ 26. Kg2 Qh5 27. Qe3 Rf6
28. Rh1 Rxh1 29. Rxh1 Qf7 30. Qe4 Ne7 31. Qh7+ Kf8 32. Qe4 Ng6 33. Qxb7 Nf4+ 34.
Nxf4 exf4 35. Rh8+ Ke7 36. Qe4+ Kd7 37. Qa4+ 1/2-1/2

[Event "40th Olympiad Open"]
[Site "Istanbul TUR"]
[Date "2012.08.29"]
[Round "2.65"]
[Board "2"]
[White "Nyambalo, Joseph Xavier"]
[Black "Ahmed, Fuad"]
[Result "1-0"]
[WhiteElo "2100"]
[BlackElo "1830"]
[WhiteTeam "Malawi"]
[BlackTeam "Maldives"]
[WhiteFideId "20500041"]
[BlackFideId "16700023"]
[EventDate "2012.08.28"]

1. Nf3 Nf6 2. d4 g6 3. c4 Bg7 4. Nc3 d5 5. e3 O-O 6. Qb3 c6 7. Ne5 e6 8. Be2
dxc4 9. Bxc4 Nd5 10. f4 Nd7 11. Nxd7 Qxd7 12. O-O b5 13. Be2 a5 14. a4 b4 15.
Ne4 Rd8 16. Kh1 Bf8 17. Bd2 f5 18. Nf2 Ba6 19. Bxa6 Rxa6 20. Nd3 Bd6 21. Rac1
Nf6 22. Be1 Ne4 23. Nf2 Nxf2+ 24. Bxf2 Rc8 25. Rfd1 Be7 26. Qd3 Ra7 27. e4 fxe4
28. Qxe4 Qd5 29. Re1 Kf7 30. Qe3 Rd7 31. Qh3 h5 32. Re5 Qa2 33. Rce1 Rd6 34. f5
Qxb2 35. fxg6+ Kg7 36. Rxe6 Rxe6 37. Qxe6 Qxf2 38. Qxe7+ Kh6 39. Qh7+ Kg5 40.
Re5+ Qf5 41. g7 1-0

[Event "40th Olympiad Open"]
[Site "Istanbul TUR"]
[Date "2012.08.29"]
[Round "2.65"]
[Board "3"]
[White "Abdulla, Ibrahim"]
[Black "Mbedza, Richard"]
[Result "0-1"]
[WhiteElo "1851"]
[BlackElo "2045"]
[WhiteTeam "Maldives"]
[BlackTeam "Malawi"]
[WhiteFideId "16700015"]
[BlackFideId "16400143"]
[EventDate "2012.08.28"]

1. e4 d5 2. c3 dxe4 3. Qa4+ Nc6 4. Qxe4 Nf6 5. Qc2 e5 6. d3 Be7 7. Be2 Bf5 8.
Bg5 O-O 9. Nd2 Qd7 10. O-O-O Qd5 11. Bxf6 Bxf6 12. Nb3 a5 13. Bf3 Qd6 14. h4 a4
15. Na1 Be6 16. a3 Na5 17. c4 Qe7 18. g3 c6 19. Be4 b5 20. c5 Rfb8 21. Qc3 g6
22. Kb1 Bg7 23. Qb4 f5 24. Bg2 Bf7 25. Ne2 Qe6 26. Nc3 Rd8 27. Nc2 Nb3 28. Rhe1
Qf6 29. Ne2 Rd7 30. Nc3 Nd4 31. Ne3 Nb3 32. Ne2 Rad8 33. Qc3 Qe6 34. Nf1 e4 35.
Nf4 Nd2+ 36. Kc1 Qa2 37. Qxg7+ Kxg7 38. Nxd2 Bb3 39. Nb1 exd3 40. Bxc6 d2+ 41.
Rxd2 Rxd2 42. Nxd2 Rxd2 43. Kxd2 Qxb2+ 44. Ke3 Qc3+ 45. Ke2 Qc4+ 46. Kf3 Qxc5
47. Ba8 Qxa3 48. Re3 Qa1 49. Kg2 Bc4 50. Kh2 a3 51. h5 a2 52. Re7+ Kf6 53. Rxh7
Qb2 54. hxg6 Qxf2+ 55. Bg2 a1=Q 56. Nh3 Qd2 57. Nf4 Qxf4 58. gxf4 Kxg6 59. Rc7
Qh8+ 60. Kg3 Qc3+ 61. Kh2 Qe3 62. Rc6+ Kh5 0-1

[Event "40th Olympiad Open"]
[Site "Istanbul TUR"]
[Date "2012.08.29"]
[Round "2.66"]
[Board "3"]
[White "De Mey, Juan Pablo"]
[Black "Espirito Santo, Silverio"]
[Result "1-0"]
[WhiteElo "1882"]
[BlackElo "1831"]
[WhiteTeam "Aruba"]
[BlackTeam "Sao Tome And Principe"]
[WhiteFideId "15900312"]
[BlackFideId "14306336"]
[EventDate "2012.08.28"]

1. e4 e6 2. d4 d5 3. Nd2 Nf6 4. Bd3 dxe4 5. Nxe4 Nbd7 6. Nxf6+ Nxf6 7. Be3 Be7
8. Nf3 O-O 9. Qe2 c5 10. O-O-O cxd4 11. Bxd4 Qa5 12. Kb1 b5 13. g4 Bb7 14. Rhg1
b4 15. Ne5 Nd5 16. Nc4 Qd8 17. Ka1 Ba6 18. Qe4 g6 19. h4 Rc8 20. Ne3 Bxd3 21.
Rxd3 Qa5 22. Nxd5 Qxd5 23. Qxd5 exd5 24. Kb1 Bc5 25. Rgd1 Rfe8 26. Bxc5 Rxc5 27.
b3 Rd8 28. Kb2 h6 29. R1d2 a5 30. f3 Kf8 31. c3 bxc3+ 32. Rxc3 Rxc3 33. Kxc3 Ke7
34. Rd4 Kd6 35. Ra4 Rc8+ 36. Kd3 Rc5 37. Kd4 Rb5 38. Ke3 g5 39. hxg5 hxg5 40.
Rd4 Rb7 41. f4 Re7+ 42. Kf3 f6 43. Ra4 Ra7 44. b4 Kc6 45. fxg5 fxg5 46. Rxa5
Rxa5 47. bxa5 Kb5 48. Ke3 Kc4 49. Kd2 Kb5 50. Kd3 Kc5 51. a6 Kb6 52. Kd4 Kxa6
53. Kxd5 1-0

[Event "40th Olympiad Open"]
[Site "Istanbul TUR"]
[Date "2012.08.29"]
[Round "2.68"]
[Board "1"]
[White "Mesfin, Leykun"]
[Black "Liu, Yeh Yang"]
[Result "1/2-1/2"]
[WhiteElo "2115"]
[BlackElo "1883"]
[WhiteTeam "Ethiopia"]
[BlackTeam "Chinese Taipei"]
[WhiteFideId "15700097"]
[BlackFideId "16300416"]
[EventDate "2012.08.28"]

1. e4 c5 2. Nf3 Nc6 3. d4 cxd4 4. Nxd4 e5 5. Nb5 d6 6. N1c3 a6 7. Na3 b5 8. Nd5
Nf6 9. Bg5 Be7 10. Bxf6 Bxf6 11. c3 O-O 12. Be2 Bg5 13. Nc2 Kh8 14. O-O g6 15.
f4 exf4 16. Nxf4 Bb7 17. Nd5 Ne5 18. Kh1 Rc8 19. Qd4 Bxd5 20. Qxd5 Qb6 21. Rad1
Rcd8 22. Qb3 Rd7 23. c4 Qc6 24. cxb5 Qxe4 25. Bf3 Nxf3 26. Rxf3 axb5 27. Nd4 Bf4
28. Qxb5 Rb7 29. Qf1 g5 30. b3 f5 31. Qd3 Rf6 32. Ne2 Qxd3 33. Rfxd3 Be5 34. Nc3
Rh6 35. g3 f4 36. gxf4 Bxf4 37. h3 g4 38. Nd5 Be5 39. Rf1 gxh3 40. Ne3 Rh5 41.
Nc4 Ra7 42. a4 Ra6 43. Nxe5 dxe5 44. Rf7 Kg8 45. Rc7 Rf6 46. Rd8+ Rf8 47. Rxf8+
Kxf8 48. a5 Rh6 49. b4 e4 50. Rc3 Re6 51. Re3 Ke7 52. b5 Kd6 53. Kh2 Re5 54. Rb3
e3 55. b6 e2 56. b7 Re8 57. Re3 Rxe3 58. b8=Q+ Kd5 59. Qb5+ Kd4 60. Qb4+ Kd3 61.
Qe1 Rf3 62. a6 Rf1 63. Qg3+ Kd2 64. a7 e1=Q 65. Qxe1+ Rxe1 66. a8=Q Re3 67. Qa5+
Kd3 68. Qf5+ Kd4 69. Qxh7 Rc3 70. Qg7+ Kc4 71. Qc7+ Kb3 72. Qb6+ Ka3 73. Qa5+
Kb3 74. Qa1 Kb4 75. Qb2+ Rb3 76. Qd4+ Ka3 77. Qa7+ Kb2 78. Qa5 Rc3 79. Qb4+ Rb3
80. Qh4 Rc3 81. Qf6 Kb3 82. Qe5 Kb2 83. Qb5+ Rb3 84. Qe5+ Rc3 85. Qd4 Kb3 86.
Qd5+ Kb2 87. Qb5+ Rb3 88. Qe2+ Ka3 89. Qd1 Kb2 90. Qd2+ Ka3 91. Qc1+ Ka2 92. Qc4
Kb2 93. Qc5 Rc3 94. Qb4+ Rb3 95. Qa4 Rc3 96. Kh1 Rc1+ 97. Kh2 Rc3 98. Qd1 Rc1
99. Qd4+ Rc3 100. Qb4+ Rb3 1/2-1/2

[Event "40th Olympiad Open"]
[Site "Istanbul TUR"]
[Date "2012.08.29"]
[Round "2.69"]
[Board "3"]
[White "Abrantes, Persson"]
[Black "Cecchetti, Roberto"]
[Result "1-0"]
[WhiteElo "1967"]
[BlackElo "1910"]
[WhiteTeam "Mozambique"]
[BlackTeam "San Marino"]
[WhiteFideId "14800063"]
[BlackFideId "11800160"]
[EventDate "2012.08.28"]

1. d4 d5 2. c4 e6 3. Nc3 Nf6 4. Bg5 c6 5. e3 Nbd7 6. Bd3 Qa5 7. Bxf6 Nxf6 8. a3
dxc4 9. Bxc4 Qg5 10. g3 h5 11. Nf3 Qa5 12. b4 Qd8 13. e4 b5 14. Ba2 a5 15. Qb3
axb4 16. axb4 Qe7 17. Rb1 Nd7 18. O-O Bb7 19. d5 e5 20. d6 Qf6 21. Nh4 Bxd6 22.
Nf5 Bc7 23. Rfd1 Nb6 24. Rd6 Bxd6 25. Nxd6+ Ke7 26. Nxb7 Nc4 27. Qd1 h4 28. Bxc4
hxg3 29. fxg3 bxc4 30. b5 cxb5 31. Nd5+ 1-0

[Event "40th Olympiad Open"]
[Site "Istanbul TUR"]
[Date "2012.08.29"]
[Round "2.70"]
[Board "1"]
[White "Abdulwahhab, Ahmed Abdulsattar A"]
[Black "Hernandez, Roberto PLW"]
[Result "1-0"]
[WhiteTitle "FM"]
[WhiteElo "2314"]
[BlackElo "1875"]
[WhiteTeam "Iraq"]
[BlackTeam "Palau"]
[WhiteFideId "4801849"]
[BlackFideId "16600010"]
[EventDate "2012.08.28"]

1. e4 c5 2. Nf3 d6 3. d4 cxd4 4. Nxd4 Nf6 5. Nc3 a6 6. Bc4 e6 7. Bb3 Be7 8. g4
O-O 9. g5 Nfd7 10. Rg1 Nc5 11. Qh5 g6 12. Qh6 Re8 13. Be3 b5 14. Rg3 Bf8 15. Qh4
h5 16. O-O-O Bb7 17. f3 e5 18. Nf5 Nxb3+ 19. axb3 Qc7 20. Nh6+ Kh7 21. Ng4 Nd7
22. Nf6+ Nxf6 23. gxf6 Rac8 24. Rg5 Bg7 25. Rxh5+ gxh5 26. Qxh5+ Kg8 27. Qg5 1-0

[Event "40th Olympiad Open"]
[Site "Istanbul TUR"]
[Date "2012.08.29"]
[Round "2.70"]
[Board "3"]
[White "Al-Ali, Hussein Ali Hussein"]
[Black "Garcia, Bernardo"]
[Result "1-0"]
[WhiteTitle "IM"]
[WhiteElo "2329"]
[BlackElo "1663"]
[WhiteTeam "Iraq"]
[BlackTeam "Palau"]
[WhiteFideId "4800192"]
[BlackFideId "16600096"]
[EventDate "2012.08.28"]

1. e4 c5 2. Nf3 Nc6 3. c3 d6 4. d4 cxd4 5. cxd4 Nf6 6. Nc3 g6 7. Be2 Bg7 8. O-O
O-O 9. h3 Bd7 10. Re1 a6 11. a4 Rb8 12. Bf1 e5 13. Bg5 exd4 14. Nd5 h6 15. Nxf6+
Bxf6 16. Bxh6 Re8 17. Qd2 Be6 18. Bg5 Ne5 19. Bxf6 Nxf3+ 20. gxf3 Qxf6 21. f4
Qh4 22. Ra3 Rec8 23. Rg3 Kf8 24. f5 gxf5 25. Qxd4 Ke7 26. Rd1 Rd8 27. Bg2 f4 28.
Rc3 Rd7 29. e5 d5 30. Qb4+ Ke8 31. Rg3 f5 32. Rd4 Qh8 33. Rxf4 Qxe5 34. Re3 Qd6
35. Qd4 Kf7 36. Re5 Rg8 37. Kh1 Qc6 38. Re1 a5 39. Bf1 Qd6 40. Bd3 Rg5 41. h4
Rg4 42. Rxg4 fxg4 43. h5 Qf8 44. Bg6+ Ke7 45. Qxg4 Kd6 46. Qxe6+ 1-0

[Event "40th Olympiad Open"]
[Site "Istanbul TUR"]
[Date "2012.08.29"]
[Round "2.71"]
[Board "2"]
[White "Samhouri, A."]
[Black "Anquandah, Francis Eric"]
[Result "1-0"]
[WhiteTitle "FM"]
[WhiteElo "2373"]
[BlackElo "1992"]
[WhiteTeam "Jordan"]
[BlackTeam "Ghana"]
[WhiteFideId "8100640"]
[BlackFideId "12600148"]
[EventDate "2012.08.28"]

1. e4 d5 2. exd5 Qxd5 3. Nc3 Qa5 4. d4 c6 5. Nf3 Bg4 6. h3 Bxf3 7. Qxf3 e6 8.
Bd2 Qc7 9. Bf4 Bd6 10. Bxd6 Qxd6 11. O-O-O Nf6 12. Bc4 O-O 13. Rhe1 Nbd7 14. Kb1
Nb6 15. Bd3 Nbd5 16. Ne4 Nxe4 17. Qxe4 g6 18. h4 Qf4 19. c4 Qxe4 20. Bxe4 Nf6
21. Bf3 Rad8 22. Kc2 Rd7 23. b4 Rfd8 24. Kc3 Ne8 25. a4 h5 26. g3 Ng7 27. b5
cxb5 28. axb5 Nf5 29. d5 exd5 30. Rxd5 Kf8 31. Ra1 b6 32. Rxa7 Rxa7 33. Rxd8+
Ke7 34. Ra8 Rxa8 35. Bxa8 Kd6 36. Kb4 Ne7 37. Be4 f6 38. Bf3 Nf5 39. Be4 Ne7 40.
Bg2 g5 41. Be4 f5 42. Bc2 gxh4 43. gxh4 f4 44. Bh7 Nc8 45. Bg6 Ne7 46. Bxh5 Nf5
47. Bg6 Nxh4 48. Be4 f3 49. Bc6 Ng6 50. Bxf3 Nf4 51. Be4 Ne6 52. Kc3 Ke5 53. f3
Nc5 54. Bd5 Kf4 55. Kd4 Nb3+ 56. Kd3 Nc5+ 57. Ke2 Nb3 58. Kf2 Nc5 59. Kg2 Nd7
60. Kh3 Nc5 61. Kh4 Nd7 62. Kh5 Kf5 63. Kh6 Kf6 64. Kh7 Nc5 65. Kg8 Ke5 66. Kf7
Kf4 67. Kf6 Ke3 68. Ke5 Nd3+ 69. Kd6 Nc5 70. Kc7 Na4 71. Be4 Kd4 72. Bc2 Nc5 73.
Kxb6 Kxc4 74. Kc6 Ne6 75. Kd6 Nd4 76. b6 1-0

[Event "40th Olympiad Open"]
[Site "Istanbul TUR"]
[Date "2012.08.29"]
[Round "2.71"]
[Board "4"]
[White "Mansour, Sameer"]
[Black "Thompson, Edward Nii Lamptey"]
[Result "1-0"]
[WhiteTitle "FM"]
[WhiteElo "2244"]
[BlackElo "1834"]
[WhiteTeam "Jordan"]
[BlackTeam "Ghana"]
[WhiteFideId "8100144"]
[BlackFideId "12600113"]
[EventDate "2012.08.28"]

1. d4 Nf6 2. c4 g6 3. Nc3 d5 4. cxd5 Nxd5 5. e4 Nxc3 6. bxc3 c5 7. Bg5 Bg7 8.
Rc1 O-O 9. Nf3 Bg4 10. d5 Qa5 11. Qd2 Nd7 12. Be2 Nf6 13. c4 Qa3 14. Qc2 Bd7 15.
O-O h6 16. Bh4 Qa6 17. e5 Ng4 18. e6 fxe6 19. Qxg6 Nf6 20. Ne5 Be8 21. Qc2 Qd6
22. Bg3 exd5 23. cxd5 Nh5 24. Nc4 Qxd5 25. Nb6 Qg5 26. Nxa8 Bd4 27. Bxh5 Bxh5
28. Nc7 Bf7 29. Nb5 h5 30. Nxd4 cxd4 31. Rfe1 h4 32. Be5 Bd5 33. f4 Qg4 34. h3
Qg3 35. Qf2 d3 36. Qxg3+ hxg3 37. Rc3 Bxa2 38. Rxd3 e6 39. Rxg3+ 1-0

[Event "40th Olympiad Open"]
[Site "Istanbul TUR"]
[Date "2012.08.29"]
[Round "2.72"]
[Board "1"]
[White "Kamara, Ansumana"]
[Black "Wiedenkeller, Michael"]
[Result "0-1"]
[BlackTitle "IM"]
[WhiteElo "2086"]
[BlackElo "2475"]
[WhiteTeam "Sierra Leone"]
[BlackTeam "Luxembourg"]
[WhiteFideId "1622218"]
[BlackFideId "1700146"]
[EventDate "2012.08.28"]

1. d4 e6 2. c4 Nf6 3. Nc3 Bb4 4. Qc2 O-O 5. Nf3 c5 6. e3 cxd4 7. Nxd4 d5 8. Bd3
e5 9. Nb3 d4 10. a3 Nc6 11. axb4 Nxb4 12. Qe2 dxc3 13. Bb1 e4 14. bxc3 Nd3+ 15.
Bxd3 exd3 16. Qb2 Be6 17. Nd2 Qc7 18. O-O Ng4 19. g3 Ne5 20. f3 b6 21. Qb4 a5
22. Qa4 Bxc4 23. f4 b5 24. Qd1 Nd7 25. Ba3 Rfe8 26. Qf3 Qb6 27. Rfe1 Rac8 28.
Kf1 Qc6 29. Qxc6 Rxc6 30. e4 f6 31. Kf2 Bf7 32. Rac1 Rec8 33. Bb2 Nb6 34. Ke3
Na4 35. Ba1 b4 36. Kxd3 b3 37. Rb1 Nxc3 38. Rbc1 Na2 39. Rxc6 Rxc6 40. Bb2 Nb4+
41. Ke2 Nc2 42. Rc1 a4 43. Nb1 Rd6 44. e5 Bh5+ 45. Kf2 fxe5 46. fxe5 Rd5 47. h3
Kf7 48. g4 Bg6 49. Ke2 Ke6 50. Rd1 Rxd1 51. Kxd1 Ne3+ 52. Kc1 Bxb1 53. Kxb1 Nc4
54. Bc3 Nxe5 55. h4 g6 56. Kb2 Nc4+ 57. Kb1 a3 58. h5 g5 59. h6 Kf7 60. Ka1 Kg6
61. Bg7 Ne3 62. Kb1 Nxg4 63. Bf8 a2+ 0-1

[Event "40th Olympiad Open"]
[Site "Istanbul TUR"]
[Date "2012.08.29"]
[Round "2.72"]
[Board "2"]
[White "Serban, Vlad"]
[Black "Winston Gerald, Mansfield Thomas"]
[Result "1-0"]
[WhiteElo "2280"]
[BlackElo "1907"]
[WhiteTeam "Luxembourg"]
[BlackTeam "Sierra Leone"]
[WhiteFideId "4001060"]
[BlackFideId "17800048"]
[EventDate "2012.08.28"]

1. e4 e6 2. d4 d5 3. Nd2 Nf6 4. e5 Nfd7 5. Bd3 c5 6. c3 Nc6 7. Ne2 Qb6 8. Nf3 h6
9. O-O Be7 10. Bb1 a6 11. h3 Nf8 12. Nh2 cxd4 13. cxd4 Bd7 14. f4 g6 15. Nf3 Na5
16. b3 Nc6 17. Rf2 Qd8 18. g4 Bb4 19. Rg2 Ne7 20. a3 Ba5 21. Ng3 Rc8 22. f5 gxf5
23. Nh5 Qc7 24. Rc2 Qb8 25. b4 Bb6 26. Be3 Nfg6 27. gxf5 Nxf5 28. Rxc8+ Qxc8 29.
Bxf5 exf5 30. Rc1 Qd8 31. Nf6+ Kf8 32. Qd2 f4 33. Bxf4 Nxf4 34. Qxf4 Bxh3 35.
Nh4 Ke7 36. Kh2 Be6 37. Nf5+ Bxf5 38. Qxf5 Bxd4 39. Rc7+ Kf8 40. Rd7 Qc8 41. e6
Bxf6 42. Rxf7+ Ke8 43. Qg6 Qb8+ 44. Kh1 Be7 45. Rf8+ 1-0

[Event "40th Olympiad Open"]
[Site "Istanbul TUR"]
[Date "2012.08.29"]
[Round "2.73"]
[Board "2"]
[White "Aydincelebi, Kagan"]
[Black "Mandiza, Farai"]
[Result "0-1"]
[BlackTitle "IM"]
[WhiteElo "1659"]
[BlackElo "2390"]
[WhiteTeam "Turkey 2023"]
[BlackTeam "Zimbabwe"]
[WhiteFideId "6361102"]
[BlackFideId "11000430"]
[EventDate "2012.08.28"]

1. e4 c5 2. Nf3 a6 3. c4 e6 4. Nc3 d6 5. d4 cxd4 6. Nxd4 b6 7. Be3 Bb7 8. Bd3
Nf6 9. O-O Nbd7 10. Qa4 Qc7 11. Rad1 Be7 12. f3 O-O 13. Qc2 Rac8 14. b3 b5 15.
Rc1 bxc4 16. Bxc4 d5 17. exd5 exd5 18. Bd3 Ba3 19. Nf5 Rfe8 20. Qd2 g6 21. Nh6+
Kg7 22. Rc2 Rxe3 23. Qxe3 Bc5 24. Nf5+ gxf5 0-1

[Event "40th Olympiad Open"]
[Site "Istanbul TUR"]
[Date "2012.08.29"]
[Round "2.74"]
[Board "3"]
[White "Murara, Maxence"]
[Black "Dineley, Richard"]
[Result "0-1"]
[WhiteElo "1712"]
[BlackElo "2259"]
[WhiteTeam "Rwanda"]
[BlackTeam "Wales"]
[WhiteFideId "16000013"]
[BlackFideId "1800680"]
[EventDate "2012.08.28"]

1. e4 c5 2. Nf3 d6 3. Nc3 Nf6 4. d4 cxd4 5. Nxd4 a6 6. Be2 e6 7. O-O Be7 8. Be3
O-O 9. a4 Nc6 10. Nxc6 bxc6 11. Qd2 Rb8 12. b3 Qc7 13. a5 c5 14. Bd3 Bb7 15. f3
Rfe8 16. Na4 Nd7 17. f4 Nf6 18. e5 dxe5 19. fxe5 Qxe5 20. Bf4 Qd4+ 21. Be3 Qd5
22. Qe2 Qc6 23. Bg5 Rbd8 24. Nb6 Rd4 25. Rf2 Ne4 26. Bxe7 Nxf2 27. Qxf2 Rxe7 28.
Qg3 f5 29. h3 e5 30. Bxf5 Rd2 31. Kf1 Rxg2 32. Qh4 Qf3+ 0-1

[Event "40th Olympiad Open"]
[Site "Istanbul TUR"]
[Date "2012.08.29"]
[Round "2.76"]
[Board "2"]
[White "Denny, Kevin"]
[Black "Dukaczewski, Piotr"]
[Result "0-1"]
[WhiteTitle "IM"]
[BlackTitle "IM"]
[WhiteElo "2304"]
[BlackElo "2228"]
[WhiteTeam "Barbados"]
[BlackTeam "IBCA"]
[WhiteFideId "11100028"]
[BlackFideId "1103520"]
[EventDate "2012.08.28"]

1. e4 c5 2. d4 cxd4 3. c3 dxc3 4. Nxc3 Nc6 5. Nf3 d6 6. Bc4 a6 7. O-O Nf6 8. Bf4
Bg4 9. h3 Bxf3 10. Qxf3 e6 11. Rfd1 Qc7 12. Rac1 Be7 13. Be2 O-O 14. Nd5 exd5
15. exd5 Rfc8 16. dxc6 bxc6 17. Qd3 Qb7 18. Bxd6 Rd8 19. Qa3 Rxd6 20. Rxd6 Ne8
21. Rcxc6 Nxd6 22. Rxd6 Qb8 23. Rb6 Bxa3 24. Rxb8+ Rxb8 25. bxa3 a5 26. a4 Rb1+
27. Kh2 Rb2 28. Bc4 Rxf2 29. Kg3 Rf6 30. Be2 Kf8 31. Bf3 Ke7 32. Kf2 Kd6 33. Ke3
Kc5 34. Bd1 Re6+ 35. Kf4 Rb6 36. g4 Rb2 37. a3 Kd4 38. Bf3 Rf2 39. h4 Kc3 40.
Ke3 Rxf3+ 0-1

[Event "40th Olympiad Open"]
[Site "Istanbul TUR"]
[Date "2012.08.29"]
[Round "2.76"]
[Board "3"]
[White "Grigorchuk, Sergey"]
[Black "Farley, Terry"]
[Result "0-1"]
[BlackTitle "IM"]
[WhiteElo "2298"]
[BlackElo "2255"]
[WhiteTeam "IBCA"]
[BlackTeam "Barbados"]
[WhiteFideId "14114879"]
[BlackFideId "11100095"]
[EventDate "2012.08.28"]

1. d4 Nf6 2. c4 g6 3. Nc3 Bg7 4. e4 d6 5. Be2 O-O 6. Bg5 Nbd7 7. Qd2 e5 8. d5 a5
9. h4 Nc5 10. f3 c6 11. g4 cxd5 12. cxd5 Bd7 13. Nh3 a4 14. Nf2 Qa5 15. Ncd1
Qxd2+ 16. Kxd2 Rfc8 17. Nd3 Nfxe4+ 18. fxe4 Nxe4+ 19. Ke1 Nxg5 20. hxg5 e4 21.
N3f2 a3 22. Rb1 axb2 23. Nxb2 Rc2 24. Nxe4 Rxa2 25. Rh3 Rxe2+ 26. Kxe2 Bxg4+ 27.
Ke3 Ra3+ 28. Nd3 Bxh3 29. Nxd6 Bg2 30. Ne4 Bxe4 31. Kxe4 Ra4+ 32. Ke3 Bd4+ 33.
Kf3 Bc3 34. Rxb7 Rd4 35. Ne5 Rxd5 0-1